000 00368nam a22001457a 4500
003 OSt
005 20160523093331.0
008 160523b xxu||||| |||| 00| 0 eng d
020 _a0131472399
040 _cN/A
100 _aDennis Escoffier Shirley
245 _aTaxation for decision makers
260 _aNew Jersey
_bPearson Education Inc
_c2005
942 _2lcc
_cBK
999 _c253924
_d253923